Statistics for emails i can't send-lyrics

Click here to take the quiz!

General Stats

  • This quiz has been taken 120 times
  • The average score is 133 of 178

Answer Stats

Answer% Correct
a
98%
like
98%
the
98%
you
98%
and
96%
as
96%
had
96%
i
96%
it
96%
me
96%
no
96%
october
96%
to
96%
lying
94%
machine
94%
see
94%
so
94%
time
94%
wish
94%
could
92%
did
92%
family
92%
it's
92%
really
92%
were
92%
these
91%
what
91%
when
91%
asleep
89%
times
87%
trust
87%
us
87%
there's
85%
wanna
85%
love
83%
now
83%
at
81%
cant
81%
can't
81%
discuss
81%
fifteen
81%
lacking
81%
do
79%
don't
79%
ten
79%
then
79%
13th
77%
i'm
77%
out
77%
right
77%
disgust
75%
guys
75%
in
75%
make
75%
nice
75%
ugh
75%
thanks
74%
cuss
72%
get
72%
say
72%
let
70%
them
70%
down
68%
sorry
68%
their
66%
read
62%
texts
62%
why'd
60%
having
58%
find
57%
sex
57%
that
57%
they
57%
for
55%
they're
53%
villanize
53%
blame
51%
if
51%
i'll
51%
this
49%
your'e
49%
but
47%
every
47%
he
47%
scared
47%
cause
45%
true
45%
wife
45%
45
43%
calls
43%
someone
43%
all
42%
assume
42%
fix
42%
fucking
42%
fucks
42%
night
42%
please
42%
dipshit
40%
mom
40%
our
40%
worst
40%
fast
38%
life
38%
one
38%
selfish
38%
such
38%
think
38%
forgiveness
36%
God
36%
look
36%
looked
34%
up
34%
even
32%
chicago
23%
coming
17%
mean
11%

Score Distribution

Percentile by Number Answered

Percent of People with Each Score

Your Score History

You have not taken this quiz